000
00408nam a2200133Ia 4500
008
151001s9999||||xx |||||||||||||| ||und||
100
_a
विद्याधर - भागवत
245
_a
प्रस्थान व योगी
250
_a
3
260
_b
दिव्यदीप प्रकाशन सावंतवाडी
260
_c
1998
300
_a
337
365
_b
21
999
_c
975475
_d
975472